00858nam a2200205 a 4500001000900000005001700009008004100026020001500067040001800082050002200100245006800122260007300190300005800263500006800321500009200389500005000481504003100531650005100562651003900613BRCA_70820190320203120.0960904s1994 mx-a---##b---f000-0#spa-d a9682958237 aMUAcMUAdDLC 4aNE2314b.N33 199410aNación de imágenesbla litografía mexicana del siglo XIX. aMéxicobCONACULTA : INBA : Amigos del Museo Nacional de Artec1994 a379 p.bil. (algunas a color)c33 cm.eAddenda: 15 p. aIncluye apéndice de los talleres litográficos del siglo XIX aCatálogo de la exposición realizada en el Museo Nacional de Arte, abril-junio, 1994 a2do. ejemplar en el Área de Investigación aBibliografía: p. 151-15514aLitografía mexicanavExposicionesySiglo XIX 4aMéxicovExposicionesxEn el arte